| Record ID | ia:beingabbaselabd0000amad |
| Source | Internet Archive |
| Download MARC XML | https://archive.org/download/beingabbaselabd0000amad/beingabbaselabd0000amad_marc.xml |
| Download MARC binary | https://www.archive.org/download/beingabbaselabd0000amad/beingabbaselabd0000amad_meta.mrc |
LEADER: 03657cam 2200577Ia 4500
001 ocm76814655
003 OCoLC
005 20221029234649.0
008 061128s2006 ua 000 f engrd
040 $aIXA$beng$cIXA$dBAKER$dYDXCP$dOSU$dBTCTA$dDRB$dUKM$dIXA$dJ9U$dA7U$dBDX$dOCLCA$dOCLCF$dOCLCQ$dUKMGB$dUKUOY$dOCLCQ$dOCLCO$dOCLCA$dOCLCO$dPUL
066 $c(3
015 $aGBB015484$2bnb
016 7 $a013729028$2Uk
020 $z9794160045
020 $a9774160045
020 $a9789774160042
035 $a(OCoLC)76814655
041 1 $aeng$hara
043 $af-ua---
050 4 $aPJ7914.Y535$bA8613 2006
082 04 $a892.737$222
100 1 $6880-01$aʻĀyidī, Aḥmad.
240 10 $6880-02$aAn takūna ʻAbbās al-ʻAbd.$lEnglish
245 10 $aBeing Abbas el Abd /$cAhmed Alaidy ; translated by Humphrey Davies.
260 $aCairo, Egypt ;$aNew York :$bAmerican University in Cairo Press,$c2006.
300 $a131 pages ;$c21 cm
336 $atext$btxt$2rdacontent
337 $aunmediated$bn$2rdamedia
338 $avolume$bnc$2rdacarrier
530 $aAlso issued online.
520 1 $a""What is madness?" asks the narrator of Ahmed Alaidy's jittery, funny, and angry novel. Assuring readers that they are about to find out, the narrator takes us on a journey through the insanity of present-day Cairo - in and out of minibuses, malls, and crash pads. Assaulted on all sides by buxom but inaccessible co-eds, traffic cops, and minibus touts drumming belly-dance rhythms on the paneling of their vehicles, the narrator navigates the city's pinball machine of social life with tolerable efficiency, and is ever ready with a withering response." "But lurking under the rocks in his grouchy, chain-smoking, pharmaceutically-oriented, twenty-something life are characters like his elusive psychiatrist uncle with a disturbing professional interest in phobias. And then there's Abbas, the narrator's best friend, who delivers mordant homilies on life and society ("We will survive only when we've turned our museums into public lavatories") and surfaces at critical moments to drive our hero into uncontrollably multiplying difficulties. For instance, there's the ticklish situation with the simultaneous blind dates Abbas has set up for him on different levels of a coffee-shop in a Cairo mall with two girls both named Hind. With friends like Abbas, what paranoiac needs enemies?"--Jacket.
546 $aTranslated from the Arabic.
651 0 $aCairo (Egypt)$xSocial life and customs$vFiction.
650 7 $aManners and customs.$2fast$0(OCoLC)fst01007815
651 7 $aEgypt$zCairo.$2fast$0(OCoLC)fst01205204
655 7 $aFiction.$2fast$0(OCoLC)fst01423787
655 7 $aNovels.$2lcgft$0http://id.loc.gov/authorities/genreForms/gf2015026020$0(uri) http://id.loc.gov/authorities/genreForms/gf2015026020
655 7 $aArabic fiction.$2nli
700 1 $aDavies, Humphrey T.$q(Humphrey Taman)
776 08 $iOnline version:$aʻĀyidī, Aḥmad.$sAn takūn ʻAbbās al-ʻAbd. English.$tBeing Abbas el Abd.$dCairo, Egypt ; New York : American University in Cairo Press, 2006$w(OCoLC)607910910
880 1 $6100-01/(3/r$aعايدي، احمد.
880 10 $6240-02/(3/r$aأن تكون عباس العبد
880 $6546-00/(3/r$aاسم الاصل: أن تكون (عباس العبد).
938 $aBaker & Taylor$bBKTY$c17.95$d13.46$i9774160045$n0006787690$sactive
938 $aBrodart$bBROD$n06471587$c$17.95
938 $aBaker and Taylor$bBTCP$nBK0006787690
938 $aYBP Library Services$bYANK$n2416909
029 1 $aYDXCP$b2416909
029 1 $aUKMGB$b013729028
994 $aZ0$bGTX
948 $hNO HOLDINGS IN GTX - 96 OTHER HOLDINGS